2022-2023 NBA lottery picks - Statistics

General Stats
  • This quiz has been taken 223 times
  • The average score is 10 of 16
Answer Stats
draft number/ Team Answer % Correct
1 Magic Paolo Banchero
99%
2 Thunder Chet Holmgren
91%
3 Rockets Jabari Smith jr.
91%
5 Pistons Jaden Ivey
87%
4 Kings Keegan Murray
81%
6 Pacers Bennedict Mathurin
76%
7 Trail Blazers Shaedon Sharpe
70%
12 Thunder Jalen Williams
69%
15 Hornets Mark Williams
69%
9 Spurs Jeremy Sochan
65%
8 Pelicans Dyson Daniels
50%
10 Wizards Johnny Davis
50%
13 Hornets Jalen Duren
45%
16 Hawks A.J. Griffin
40%
11 Thunder Ousmane Dieng
32%
14 Cavaliers Ochai Agbaji
30%
No matching quizzes found
Score Distribution
Percent of People with Each Score
Percentile by Number Answered
Your Score History
You have not taken this quiz